Missing Word: Films About Bands Quiz Stats

 Plays Quiz Updated Nov 29, 2017

Score 0/18 Timer 04:00
0 Plays Today
Hint Answer % Correct
____ It BeLet
97.2%
A ____ Day's Night Hard
96.5%
Rock Around the ____Clock
95.7%
This Is ____ TapSpinal
93.9%
That Thing You ____!Do
93%
____ FamousAlmost
86.7%
La ____ Bamba
80.6%
Not Fade ____Away
72.2%
____ and NancySid
70.2%
Hint Answer % Correct
____ ShelterGimme
68.7%
The Glenn ____ StoryMiller
67.4%
____ and the CruisersEddie
44.8%
____ StarRock
39.8%
Meeting People Is ____ Easy
28%
Metallica: Some Kind of ____Monster
20.9%
Standing in the Shadows of ____ Motown
14.1%
Joe Strummer: The Future is ____ Unwritten
11.3%
No ____ Left to RunDistance
10.4%

Today's Daily Dose

You're not logged in!

Compare scores with friends on all Sporcle quizzes.
OR
Log In

Show Comments

Extras

Top Quizzes Today


Score Distribution

Your Account Isn't Verified!

In order to create a playlist on Sporcle, you need to verify the email address you used during registration. Go to your Sporcle Settings to finish the process.

Report this User

Report this user for behavior that violates our Community Guidelines.

Details: